El digesto de Justiniano.

I tiakina i:
Ngā taipitopito rārangi puna kōrero
Ētahi atu kaituhi: Ors, Álvaro d' (versión castellana), Hernández-Tejero, Francisco (versión castellana), Fuenteseca, Pablo (versión castellana), García Garrido, Manuel Jesús (autor), Burillo, J. (versión castellana)
Hōputu: Pukapuka
Reo:Pāniora
I whakaputaina: Pamplona, España: Aranzadi, 1968-1975.
Ngā marau:
Ngā Tūtohu: Tāpirihia he Tūtohu
Kāore He Tūtohu, Me noho koe te mea tuatahi ki te tūtohu i tēnei pūkete!

MARC

LEADER 00000nam a2200000 a 4500
001 UCY6716
003 CL-VaPUC
005 20221114115417.0
008 950602e19680000SP |||||||||||||||||spa|d
999 |c 234236  |d 234234 
040 |c Pontificia Universidad Católica de Valparaíso 
082 0 4 |a 348.026 DIG 1968 (t.I)  |2 21 
082 0 4 |a 348.026 DIG 1972 (t.II)  |2 21 
082 0 4 |a 348.026 DIG 1975 (t.III)  |2 21 
245 1 3 |a El digesto de Justiniano. 
260 |a Pamplona, España:  |b Aranzadi,  |c 1968-1975. 
300 |a 3 Tomos.  
500 |a c.2 Tomo I: Donación Familia Prof. Alejandro Guzmán Brito. c.2 Tomo II: Donación Familia Prof. Alejandro Guzmán Brito. c.2 Tomo III: Donación Familia Prof. Alejandro Guzmán Brito. 
505 |a t.I: Constituciones preliminares y Libros 1-19. t.II: Libros 20-36. t.III: Libros 37-50. 
583 |a last modification  |c 19950602 00:00:00  |k Rodrigo Vera 
600 0 |a Justiniano I  |d 483-565  |9 858631 
650 0 |a Derecho romano  |9 255930 
650 0 |a Digestos  |2 CL-VaPUC  |9 395744 
700 |a Ors, Álvaro d'  |e versión castellana  |9 497106 
700 |a Hernández-Tejero, Francisco  |9 402094  |e versión castellana 
700 |a Fuenteseca, Pablo  |9 297627  |e versión castellana 
700 |a García Garrido, Manuel Jesús  |e autor  |9 573676 
700 |a Burillo, J.  |9 337551  |e versión castellana 
942 |c BK  |2 ddc  |n 0 
945 |d 19950602 00:00:00  |a aalvarez 
952 |0 0  |1 0  |4 0  |6 348_026000000000000_DIG_1968  |7 0  |8 DER_ROM  |9 240310  |a BIBDER  |b BIBDER  |d 2019-11-18  |h v.1  |i 2000989  |l 5  |o 348.026 DIG 1968  |p 2000989  |r 2025-04-08  |s 2025-04-08  |w 2019-11-18  |x Ubicación 4to piso  |y BK_X  |z Este recurso debe solicitarse con anticipación  |k DER 
952 |0 0  |1 0  |4 0  |6 348_026000000000000_DIG_1968  |7 0  |8 DER_ROM  |9 240311  |a BIBDER  |b BIBDER  |d 2019-11-18  |h v.2  |i 1917404  |l 1  |o 348.026 DIG 1968  |p 1917404  |r 2023-08-02  |s 2023-08-01  |w 2019-11-18  |x Ubicación 4to piso  |y BK_X  |z Este recurso debe solicitarse con anticipación  |k DER 
952 |0 0  |1 0  |4 0  |6 348_026000000000000_DIG_1968  |7 0  |8 DER_ROM  |9 240312  |a BIBDER  |b BIBDER  |d 2019-11-18  |h v.3  |i 1917455  |l 2  |o 348.026 DIG 1968  |p 1917455  |r 2023-08-02  |s 2023-08-01  |w 2019-11-18  |x Ubicación 4to piso  |y BK_X  |z Este recurso debe solicitarse con anticipación  |k DER 
952 |0 0  |1 0  |2 ddc  |4 0  |6 348_026000000000000_DIG_1968  |7 0  |8 C_AGB  |9 580676  |a BIBDER  |b BIBDER  |d 2022-01-19  |e Donación   |h t.I  |i 5640237   |l 1  |o 348.026 DIG 1968  |p 5640237  |r 2023-05-24  |s 2023-05-24  |t 2  |w 2022-01-19  |y BK_US  |k AGB 
952 |0 0  |1 0  |2 ddc  |4 0  |6 348_026000000000000_DIG_1975  |7 0  |8 C_AGB  |9 580677  |a BIBDER  |b BIBDER  |d 2022-01-19  |e Donación   |h t. III  |i 5640245  |o 348.026 DIG 1975  |p 5640245  |r 2023-01-25  |t 2  |w 2022-01-19  |y BK_US  |k AGB 
952 |0 0  |1 0  |2 ddc  |4 0  |6 348_026000000000000_DIG_1972  |7 0  |8 C_AGB  |9 580769  |a BIBDER  |b BIBDER  |d 2022-01-24  |e Donación   |h t.II  |i 564111K  |o 348.026 DIG 1972  |p 564111K  |r 2023-01-25  |t 2  |w 2022-01-24  |y BK_US  |k AGB